[Event "DEM U14 2024"]
[Site "Willingen GER"]
[Date "2024.05.23"]
[Round "7"]
[White "Sydykov, Bayastan"]
[Black "Korchynskyi, Mykola"]
[Result "1/2-1/2"]
[Termination "normal"]
[Board "1"]
[BlackTitle "FM"]
[WhiteElo "2181"]
[BlackElo "2313"]
[WhiteClock "00:10:23"]
[BlackClock "00:24:15"]
[PlyCount "53"]
[WhiteFideId "13829610"]
[BlackFideId "34138005"]
[EventCountry "GER"]
[EventRounds "9"]
[EventType "swiss"]
[EventDate "2024.05.18"]

1. e4 {[%clk 01:30:57]} {[%emt 00:00:04]} c5 {[%clk 01:30:23]} {[%emt
00:00:50]} 2. Nf3 {[%clk 01:31:09]} {[%emt 00:00:18]} e6 {[%clk 01:30:44]}
{[%emt 00:00:13]} 3. d4 {[%clk 01:29:14]} {[%emt 00:02:06]} cxd4 {[%clk
01:28:12]} {[%emt 00:03:02]} 4. Nxd4 {[%clk 01:29:37]} {[%emt 00:00:07]} Nf6
{[%clk 01:28:38]} {[%emt 00:00:04]} 5. Nc3 {[%clk 01:26:07]} {[%emt 00:04:00]}
Nc6 {[%clk 01:28:59]} {[%emt 00:00:09]} 6. Ndb5 {[%clk 01:25:52]} {[%emt
00:00:45]} Bc5 {[%clk 01:29:14]} {[%emt 00:00:15]} 7. Nd6+ {[%clk 01:24:19]}
{[%emt 00:02:04]} Ke7 {[%clk 01:28:31]} {[%emt 00:01:13]} 8. Bf4 {[%clk
01:24:19]} {[%emt 00:00:30]} e5 {[%clk 01:28:55]} {[%emt 00:00:05]} 9. Nf5+
{[%clk 01:24:43]} {[%emt 00:00:06]} Kf8 {[%clk 01:29:21]} {[%emt 00:00:05]} 10.
Bg5 {[%clk 01:24:35]} {[%emt 00:00:37]} d6 {[%clk 01:29:38]} {[%emt 00:00:14]}
11. Ne3 {[%clk 01:22:31]} {[%emt 00:02:33]} Be6 {[%clk 01:29:33]} {[%emt
00:00:35]} 12. Bd3 {[%clk 00:59:22]} {[%emt 00:23:40]} h6 {[%clk 01:23:33]}
{[%emt 00:06:29]} 13. Bxf6 {[%clk 00:59:24]} {[%emt 00:00:28]} Qxf6 {[%clk
01:22:05]} {[%emt 00:01:59]} 14. O-O {[%clk 00:57:39]} {[%emt 00:02:15]} Ne7
{[%clk 01:04:39]} {[%emt 00:17:55]} 15. Kh1 {[%clk 00:49:51]} {[%emt 00:08:18]}
g6 {[%clk 01:02:13]} {[%emt 00:02:55]} 16. Bc4 {[%clk 00:39:13]} {[%emt
00:11:09]} Kg7 {[%clk 00:58:21]} {[%emt 00:04:20]} 17. Ncd5 {[%emt 00:05:15]}
Nxd5 {[%clk 00:52:31]} {[%emt 00:03:11]} 18. Bxd5 {[%clk 00:37:01]} {[%emt
00:01:08]} Rhf8 {[%clk 00:50:11]} {[%emt 00:02:49]} 19. Qd2 {[%clk 00:31:45]}
{[%emt 00:05:47]} Qf4 {[%clk 00:40:16]} {[%emt 00:10:24]} 20. Rad1 {[%clk
00:23:15]} {[%emt 00:09:00]} Rad8 {[%clk 00:34:02]} {[%emt 00:06:44]} 21. Nc4
{[%clk 00:19:03]} {[%emt 00:04:43]} Qxd2 {[%clk 00:24:47]} {[%emt 00:09:44]}
22. Rxd2 {[%clk 00:18:33]} {[%emt 00:01:00]} Bc8 {[%clk 00:25:11]} {[%emt
00:00:06]} 23. c3 {[%clk 00:10:13]} {[%emt 00:08:50]} b5 {[%clk 00:25:19]}
{[%emt 00:00:23]} 24. Na5 {[%clk 00:10:23]} {[%emt 00:00:19]} b4 {[%clk
00:25:40]} {[%emt 00:00:11]} 25. c4 {[%clk 00:10:05]} {[%emt 00:00:47]} f5
{[%clk 00:25:13]} {[%emt 00:00:57]} 26. f3 {[%clk 00:09:59]} {[%emt 00:00:36]}
fxe4 {[%clk 00:24:15]} {[%emt 00:01:28]} 27. Bxe4 {[%clk 00:10:23]} {[%emt
00:00:05]} 1/2-1/2

[Event "DEM U14 2024"]
[Site "Willingen GER"]
[Date "2024.05.23"]
[Round "7"]
[White "Nemitz, Alfred"]
[Black "Neuhoff, Laertes"]
[Result "1/2-1/2"]
[Termination "normal"]
[Board "2"]
[WhiteTitle "FM"]
[WhiteElo "2220"]
[BlackElo "2089"]
[WhiteClock "00:07:40"]
[BlackClock "00:02:20"]
[PlyCount "65"]
[WhiteFideId "34601791"]
[BlackFideId "16279719"]
[EventCountry "GER"]
[EventRounds "9"]
[EventType "swiss"]
[EventDate "2024.05.18"]

1. d4 {[%clk 01:30:47]} {[%emt 00:00:24]} d5 {[%clk 01:30:56]} {[%emt
00:00:11]} 2. Bg5 {[%clk 01:31:11]} {[%emt 00:00:06]} h6 {[%clk 01:26:24]}
{[%emt 00:04:43]} 3. Bh4 {[%clk 01:30:45]} {[%emt 00:00:55]} Nf6 {[%clk
01:25:07]} {[%emt 00:01:47]} 4. e3 {[%clk 01:31:00]} {[%emt 00:00:15]} e6
{[%clk 01:24:26]} {[%emt 00:01:12]} 5. Nf3 {[%clk 01:30:56]} {[%emt 00:00:33]}
Be7 {[%clk 01:22:45]} {[%emt 00:02:12]} 6. Nbd2 {[%clk 01:29:47]} {[%emt
00:01:39]} O-O {[%clk 01:20:09]} {[%emt 00:03:06]} 7. Bd3 {[%clk 01:29:55]}
{[%emt 00:00:22]} b6 {[%clk 01:19:39]} {[%emt 00:01:00]} 8. Ne5 {[%clk
01:25:27]} {[%emt 00:04:57]} Bb7 {[%clk 01:17:14]} {[%emt 00:02:56]} 9. f4
{[%clk 01:16:47]} {[%emt 00:09:10]} Ne4 {[%clk 01:11:22]} {[%emt 00:06:22]} 10.
Bxe7 {[%clk 01:06:57]} {[%emt 00:10:20]} Qxe7 {[%clk 01:11:43]} {[%emt
00:00:08]} 11. O-O {[%clk 01:06:21]} {[%emt 00:01:05]} Nxd2 {[%clk 00:53:02]}
{[%emt 00:19:12]} 12. Qxd2 {[%clk 01:05:16]} {[%emt 00:01:35]} Nd7 {[%clk
00:53:15]} {[%emt 00:00:18]} 13. a4 {[%clk 01:05:14]} {[%emt 00:00:32]} Nxe5
{[%clk 00:38:00]} {[%emt 00:15:45]} 14. fxe5 {[%clk 01:05:02]} {[%emt
00:00:41]} f6 {[%clk 00:38:18]} {[%emt 00:00:12]} 15. exf6 {[%clk 01:04:16]}
{[%emt 00:01:11]} Rxf6 {[%clk 00:38:32]} {[%emt 00:00:22]} 16. Rxf6 {[%clk
01:01:08]} {[%emt 00:03:38]} Qxf6 {[%clk 00:38:34]} {[%emt 00:00:27]} 17. Rf1
{[%clk 01:01:36]} {[%emt 00:00:02]} Qe7 {[%clk 00:38:32]} {[%emt 00:00:31]} 18.
Qf2 {[%clk 00:51:25]} {[%emt 00:10:42]} a5 {[%clk 00:26:28]} {[%emt 00:12:34]}
19. Qf4 {[%clk 00:37:30]} {[%emt 00:14:26]} Ba6 {[%clk 00:21:06]} {[%emt
00:05:52]} 20. Bxa6 {[%clk 00:32:07]} {[%emt 00:05:53]} Rxa6 {[%clk 00:21:35]}
21. e4 {[%clk 00:32:36]} Ra8 {[%clk 00:17:55]} {[%emt 00:04:09]} 22. Qe5 {[%clk
00:29:33]} {[%emt 00:03:34]} Rf8 {[%clk 00:13:02]} {[%emt 00:05:22]} 23. exd5
{[%clk 00:19:18]} {[%emt 00:10:44]} Rxf1+ {[%clk 00:13:14]} {[%emt 00:00:19]}
24. Kxf1 {[%clk 00:19:47]} {[%emt 00:00:02]} Qf7+ {[%clk 00:13:07]} {[%emt
00:00:36]} 25. Ke2 {[%clk 00:20:15]} {[%emt 00:00:02]} exd5 {[%clk 00:13:23]}
{[%emt 00:00:14]} 26. c3 {[%clk 00:19:19]} {[%emt 00:01:27]} Qd7 {[%clk
00:12:20]} {[%emt 00:01:32]} 27. Kd2 {[%clk 00:18:50]} {[%emt 00:00:58]} Kf7
{[%clk 00:11:39]} {[%emt 00:01:11]} 28. h3 {[%clk 00:19:03]} {[%emt 00:00:17]}
Kg6 {[%clk 00:07:10]} {[%emt 00:04:59]} 29. g4 {[%clk 00:18:10]} {[%emt
00:01:24]} Kf7 {[%clk 00:05:08]} {[%emt 00:02:32]} 30. b3 {[%clk 00:14:41]}
{[%emt 00:03:59]} g5 {[%clk 00:02:38]} {[%emt 00:03:00]} 31. Qh8 {[%clk
00:11:25]} {[%emt 00:03:46]} Qd6 {[%clk 00:02:32]} {[%emt 00:00:36]} 32. Qh7+
{[%clk 00:10:15]} {[%emt 00:01:39]} Ke8 {[%clk 00:02:20]} {[%emt 00:00:42]} 33.
Qg8+ {[%clk 00:07:40]} {[%emt 00:03:05]} 1/2-1/2

[Event "DEM U14 2024"]
[Site "Willingen GER"]
[Date "2024.05.23"]
[Round "7"]
[White "Besou, Hussain"]
[Black "Geist, Tim"]
[Result "1-0"]
[Termination "normal"]
[Board "3"]
[WhiteTitle "FM"]
[WhiteElo "2260"]
[BlackElo "2007"]
[WhiteClock "00:43:18"]
[BlackClock "00:18:47"]
[PlyCount "59"]
[WhiteFideId "16269950"]
[BlackFideId "34604324"]
[EventCountry "GER"]
[EventRounds "9"]
[EventType "swiss"]
[EventDate "2024.05.18"]

1. d4 {[%clk 01:30:57]} {[%emt 00:00:01]} d5 {[%clk 01:30:42]} {[%emt
00:00:37]} 2. c4 {[%clk 01:31:16]} {[%emt 00:00:09]} e6 {[%clk 01:31:00]}
{[%emt 00:00:12]} 3. Nf3 {[%clk 01:31:38]} {[%emt 00:00:06]} c5 {[%clk
01:31:06]} {[%emt 00:00:21]} 4. cxd5 {[%clk 01:31:58]} {[%emt 00:00:08]} exd5
{[%clk 01:31:27]} {[%emt 00:00:03]} 5. g3 {[%clk 01:32:12]} {[%emt 00:00:11]}
Nf6 {[%clk 01:31:31]} {[%emt 00:00:28]} 6. Bg2 {[%clk 01:32:26]} {[%emt
00:00:15]} Nc6 {[%clk 01:31:37]} {[%emt 00:00:24]} 7. O-O {[%clk 01:32:34]}
{[%emt 00:00:21]} Be7 {[%clk 01:31:48]} {[%emt 00:00:19]} 8. Nc3 {[%clk
01:32:43]} {[%emt 00:00:21]} O-O {[%clk 01:32:08]} {[%emt 00:00:11]} 9. dxc5
{[%clk 01:33:04]} {[%emt 00:00:08]} Bxc5 {[%clk 01:32:19]} {[%emt 00:00:20]}
10. Bg5 {[%clk 01:32:03]} {[%emt 00:01:31]} d4 {[%clk 01:32:30]} {[%emt
00:00:19]} 11. Ne4 {[%clk 01:32:13]} {[%emt 00:00:19]} Be7 {[%clk 01:32:53]}
{[%emt 00:00:07]} 12. Bxf6 {[%clk 01:32:34]} {[%emt 00:00:08]} Bxf6 {[%clk
01:33:00]} {[%emt 00:00:24]} 13. b4 {[%clk 01:31:24]} {[%emt 00:01:40]} Nxb4
{[%clk 01:27:28]} {[%emt 00:06:02]} 14. Nxf6+ {[%clk 01:31:10]} {[%emt
00:00:44]} Qxf6 {[%clk 01:25:33]} {[%emt 00:02:25]} 15. Qxd4 {[%clk 01:31:31]}
{[%emt 00:00:09]} Qe7 {[%clk 01:25:41]} {[%emt 00:00:23]} 16. Qb2 {[%clk
01:29:35]} {[%emt 00:02:25]} Nc6 {[%clk 01:22:53]} {[%emt 00:03:18]} 17. Nh4
{[%clk 01:16:30]} {[%emt 00:13:35]} Rd8 {[%clk 00:55:23]} {[%emt 00:27:59]} 18.
Rab1 {[%clk 01:10:54]} {[%emt 00:06:05]} g5 {[%clk 00:50:01]} {[%emt 00:05:53]}
19. Nf3 {[%clk 01:08:58]} {[%emt 00:02:26]} Bf5 {[%clk 00:49:56]} {[%emt
00:00:36]} 20. e4 {[%clk 01:04:55]} {[%emt 00:04:32]} Be6 {[%clk 00:29:53]}
{[%emt 00:20:33]} 21. Qxb7 {[%clk 01:00:07]} {[%emt 00:05:18]} Qxb7 {[%clk
00:29:35]} {[%emt 00:00:49]} 22. Rxb7 {[%clk 01:00:27]} {[%emt 00:00:09]} g4
{[%clk 00:29:12]} {[%emt 00:00:53]} 23. Nh4 {[%clk 00:53:40]} {[%emt 00:07:17]}
Bxa2 {[%clk 00:28:57]} {[%emt 00:00:46]} 24. h3 {[%clk 00:52:15]} {[%emt
00:01:55]} h5 {[%clk 00:26:37]} {[%emt 00:02:50]} 25. Rb5 {[%clk 00:49:29]}
{[%emt 00:03:16]} Be6 {[%clk 00:26:01]} {[%emt 00:01:06]} 26. Kh2 {[%clk
00:47:51]} {[%emt 00:02:06]} f5 {[%clk 00:21:39]} {[%emt 00:04:53]} 27. Rc5
{[%clk 00:45:18]} {[%emt 00:03:03]} Ne7 {[%clk 00:18:39]} {[%emt 00:03:30]} 28.
Re5 {[%clk 00:42:34]} {[%emt 00:03:14]} Kf7 {[%clk 00:18:24]} {[%emt 00:00:45]}
29. exf5 {[%clk 00:42:56]} {[%emt 00:00:08]} Bd5 {[%clk 00:18:47]} {[%emt
00:00:07]} 30. Rfe1 {[%clk 00:43:18]} {[%emt 00:00:08]} 1-0

[Event "DEM U14 2024"]
[Site "Willingen GER"]
[Date "2024.05.23"]
[Round "7"]
[White "Yasmo, Daniil"]
[Black "Skembris, Simon Max"]
[Result "0-1"]
[Termination "normal"]
[Board "5"]
[WhiteElo "2067"]
[BlackElo "2009"]
[WhiteClock "00:23:08"]
[BlackClock "00:16:32"]
[PlyCount "134"]
[WhiteFideId "14199165"]
[BlackFideId "16281381"]
[EventCountry "GER"]
[EventRounds "9"]
[EventType "swiss"]
[EventDate "2024.05.18"]

1. e4 {[%clk 01:30:58]} {[%emt 00:00:02]} c5 {[%clk 01:30:38]} {[%emt
00:00:42]} 2. Nc3 {[%clk 01:31:24]} {[%emt 00:00:02]} Nc6 {[%clk 01:30:16]}
{[%emt 00:00:44]} 3. f4 {[%clk 01:31:48]} {[%emt 00:00:04]} g6 {[%clk
01:30:04]} {[%emt 00:00:33]} 4. Nf3 {[%clk 01:32:10]} {[%emt 00:00:08]} Bg7
{[%clk 01:30:06]} {[%emt 00:00:27]} 5. Bb5 {[%clk 01:32:34]} {[%emt 00:00:06]}
Nd4 {[%clk 01:29:50]} {[%emt 00:00:46]} 6. O-O {[%clk 01:32:52]} {[%emt
00:00:13]} e6 {[%clk 01:29:23]} {[%emt 00:00:57]} 7. e5 {[%clk 01:31:44]}
{[%emt 00:01:38]} Ne7 {[%clk 01:26:33]} {[%emt 00:03:18]} 8. Nxd4 {[%clk
01:28:56]} {[%emt 00:03:19]} cxd4 {[%clk 01:26:35]} {[%emt 00:00:28]} 9. Ne4
{[%clk 01:29:09]} {[%emt 00:00:18]} O-O {[%clk 01:25:41]} {[%emt 00:01:24]} 10.
Nd6 {[%clk 01:23:53]} {[%emt 00:05:46]} f6 {[%clk 01:17:20]} {[%emt 00:08:51]}
11. exf6 {[%clk 01:19:07]} {[%emt 00:05:15]} Bxf6 {[%clk 01:16:36]} {[%emt
00:01:14]} 12. Kh1 {[%clk 01:14:51]} {[%emt 00:04:46]} Qb6 {[%clk 01:12:30]}
{[%emt 00:04:36]} 13. Nxc8 {[%clk 01:14:47]} {[%emt 00:00:34]} Qxb5 {[%clk
01:12:26]} {[%emt 00:00:35]} 14. Nxe7+ {[%clk 01:14:57]} {[%emt 00:00:20]} Bxe7
{[%clk 01:12:54]} {[%emt 00:00:02]} 15. d3 {[%clk 01:13:37]} {[%emt 00:01:50]}
Rac8 {[%clk 01:11:45]} {[%emt 00:01:38]} 16. b3 {[%clk 01:10:36]} {[%emt
00:03:32]} Qc6 {[%clk 01:07:49]} {[%emt 00:04:26]} 17. Bb2 {[%clk 01:10:32]}
{[%emt 00:00:34]} Qxc2 {[%clk 01:04:09]} {[%emt 00:04:10]} 18. Bxd4 {[%clk
01:09:13]} {[%emt 00:01:48]} Qxd1 {[%clk 01:01:16]} {[%emt 00:03:23]} 19. Raxd1
{[%clk 01:09:35]} {[%emt 00:00:09]} Rc2 {[%clk 00:56:49]} {[%emt 00:04:56]} 20.
a4 {[%clk 01:04:19]} {[%emt 00:05:46]} a6 {[%clk 00:54:41]} {[%emt 00:02:39]}
21. Kg1 {[%clk 00:59:14]} {[%emt 00:05:34]} Rfc8 {[%clk 00:50:30]} {[%emt
00:04:42]} 22. Rf2 {[%clk 00:59:30]} {[%emt 00:00:13]} Bc5 {[%clk 00:48:43]}
{[%emt 00:02:18]} 23. Bxc5 {[%clk 00:57:34]} {[%emt 00:02:26]} R8xc5 {[%clk
00:48:31]} {[%emt 00:00:41]} 24. d4 {[%clk 00:55:56]} {[%emt 00:02:08]} Rc1
{[%clk 00:32:21]} {[%emt 00:16:40]} 25. dxc5 {[%clk 00:54:33]} {[%emt
00:01:52]} Rxd1+ {[%clk 00:32:43]} {[%emt 00:00:10]} 26. Rf1 {[%clk 00:55:00]}
{[%emt 00:00:03]} Rd3 {[%clk 00:31:52]} {[%emt 00:01:20]} 27. Rb1 {[%clk
00:53:35]} {[%emt 00:01:54]} Kf7 {[%clk 00:30:48]} {[%emt 00:01:35]} 28. Kf2
{[%clk 00:51:30]} {[%emt 00:02:35]} Rc3 {[%clk 00:29:48]} {[%emt 00:01:30]} 29.
b4 {[%clk 00:51:07]} {[%emt 00:00:52]} Ra3 {[%clk 00:29:31]} {[%emt 00:00:47]}
30. a5 {[%clk 00:50:42]} {[%emt 00:00:55]} Ke7 {[%clk 00:26:22]} {[%emt
00:03:40]} 31. Rd1 {[%clk 00:47:03]} {[%emt 00:04:08]} Rb3 {[%clk 00:24:37]}
{[%emt 00:02:16]} 32. Rd4 {[%clk 00:46:56]} {[%emt 00:00:37]} h6 {[%clk
00:22:24]} {[%emt 00:02:43]} 33. h4 {[%clk 00:32:35]} {[%emt 00:14:51]} Kf6
{[%clk 00:18:28]} {[%emt 00:04:27]} 34. g4 {[%clk 00:27:34]} {[%emt 00:05:31]}
h5 {[%clk 00:14:50]} {[%emt 00:04:07]} 35. Rxd7 {[%clk 00:17:37]} {[%emt
00:10:26]} Rxb4 {[%clk 00:14:48]} {[%emt 00:00:33]} 36. gxh5 {[%clk 00:17:05]}
{[%emt 00:01:02]} gxh5 {[%clk 00:14:39]} {[%emt 00:00:40]} 37. Ke3 {[%clk
00:14:00]} {[%emt 00:03:34]} Rc4 {[%clk 00:11:20]} {[%emt 00:03:50]} 38. Rc7
{[%clk 00:13:36]} {[%emt 00:00:53]} Kf5 {[%clk 00:10:21]} {[%emt 00:01:28]} 39.
Rg7 {[%clk 00:09:10]} {[%emt 00:04:57]} Re4+ {[%clk 00:08:13]} {[%emt
00:02:38]} 40. Kd3 {[%clk 00:09:27]} {[%emt 00:00:13]} Ra4 {[%clk 00:04:37]}
{[%emt 00:04:06]} 41. Rf7+ {[%clk 00:05:10]} {[%emt 00:04:47]} Kg4 {[%clk
00:02:25]} {[%emt 00:02:42]} 42. Rxb7 {[%clk 00:05:27]} {[%emt 00:00:13]} Rxa5
{[%emt 00:01:13]} 43. Kd4 {[%clk 00:05:29]} {[%emt 00:00:27]} Kxf4 {[%clk
00:26:52]} {[%emt 00:05:21]} 44. Rf7 {[%clk 00:33:56]} {[%emt 00:02:03]} Kg4
{[%clk 00:26:48]} {[%emt 00:00:35]} 45. c6 {[%clk 00:33:58]} {[%emt 00:00:27]}
Rd5+ {[%clk 00:25:26]} {[%emt 00:01:52]} 46. Kc4 {[%clk 00:32:19]} {[%emt
00:02:08]} Rd1 {[%clk 00:24:33]} {[%emt 00:01:23]} 47. c7 {[%clk 00:30:01]}
{[%emt 00:02:48]} Rc1+ {[%clk 00:24:10]} {[%emt 00:00:54]} 48. Kd4 {[%clk
00:30:11]} {[%emt 00:00:20]} Kxh4 {[%clk 00:22:48]} {[%emt 00:01:52]} 49. Rg7
{[%clk 00:28:57]} {[%emt 00:01:43]} a5 {[%clk 00:19:06]} {[%emt 00:04:12]} 50.
Ke5 {[%clk 00:28:44]} {[%emt 00:00:43]} Rc6 {[%clk 00:18:35]} {[%emt 00:01:01]}
51. Rd7 {[%clk 00:26:17]} {[%emt 00:02:57]} a4 {[%clk 00:16:38]} {[%emt
00:02:28]} 52. Rd4+ {[%clk 00:25:43]} {[%emt 00:01:03]} Kg5 {[%clk 00:16:30]}
{[%emt 00:00:38]} 53. Rxa4 {[%clk 00:23:09]} {[%emt 00:03:05]} Rxc7 {[%clk
00:16:44]} {[%emt 00:00:15]} 54. Kxe6 {[%clk 00:20:56]} {[%emt 00:02:43]} Rc5
{[%clk 00:16:31]} {[%emt 00:00:45]} 55. Ra8 {[%clk 00:20:15]} {[%emt 00:01:10]}
h4 {[%clk 00:16:14]} {[%emt 00:00:47]} 56. Rg8+ {[%clk 00:20:31]} {[%emt
00:00:14]} Kf4 {[%clk 00:16:26]} {[%emt 00:00:18]} 57. Rh8 {[%clk 00:20:46]}
{[%emt 00:00:15]} Kg3 {[%clk 00:16:39]} {[%emt 00:00:18]} 58. Rg8+ {[%clk
00:21:08]} {[%emt 00:00:07]} Kh2 {[%clk 00:16:42]} {[%emt 00:00:26]} 59. Rg4
{[%clk 00:20:53]} {[%emt 00:00:45]} h3 {[%clk 00:16:58]} {[%emt 00:00:14]} 60.
Rg8 {[%clk 00:21:09]} {[%emt 00:00:15]} Kh1 {[%clk 00:16:19]} {[%emt 00:01:09]}
61. Rg7 {[%clk 00:21:31]} {[%emt 00:00:07]} h2 {[%clk 00:15:53]} {[%emt
00:00:56]} 62. Rg8 {[%clk 00:21:55]} {[%emt 00:00:06]} Rc1 {[%clk 00:15:23]}
{[%emt 00:01:00]} 63. Kd5 {[%clk 00:21:36]} {[%emt 00:00:50]} Rg1 {[%clk
00:15:34]} {[%emt 00:00:20]} 64. Rh8 {[%clk 00:21:59]} {[%emt 00:00:06]} Kg2
{[%clk 00:15:44]} {[%emt 00:00:20]} 65. Rg8+ {[%clk 00:22:25]} {[%emt
00:00:04]} Kf3 {[%clk 00:15:56]} {[%emt 00:00:17]} 66. Rf8+ {[%clk 00:22:46]}
{[%emt 00:00:10]} Ke3 {[%clk 00:16:17]} {[%emt 00:00:09]} 67. Re8+ {[%clk
00:23:08]} {[%emt 00:00:08]} Kd3 {[%clk 00:16:32]} {[%emt 00:00:15]} 0-1

[Event "DEM U14 2024"]
[Site "Willingen GER"]
[Date "2024.05.23"]
[Round "7"]
[White "Nuñez Grégoire, Daniel"]
[Black "Türel, Tugrul"]
[Result "1/2-1/2"]
[Termination "normal"]
[Board "6"]
[WhiteElo "1961"]
[BlackElo "2070"]
[WhiteClock "00:14:27"]
[BlackClock "00:06:26"]
[PlyCount "111"]
[WhiteFideId "34627103"]
[BlackFideId "26338408"]
[EventCountry "GER"]
[EventRounds "9"]
[EventType "swiss"]
[EventDate "2024.05.18"]

1. d4 {[%clk 01:30:58]} {[%emt 00:00:03]} d5 {[%clk 01:30:54]} {[%emt
00:00:15]} 2. c4 {[%clk 01:31:24]} {[%emt 00:00:06]} c6 {[%clk 01:31:20]}
{[%emt 00:00:06]} 3. cxd5 {[%clk 01:31:52]} {[%emt 00:00:09]} cxd5 {[%clk
01:31:45]} {[%emt 00:00:03]} 4. Nc3 {[%clk 01:32:17]} {[%emt 00:00:05]} Nf6
{[%clk 01:32:08]} {[%emt 00:00:04]} 5. Nf3 {[%clk 01:32:20]} {[%emt 00:00:26]}
Nc6 {[%clk 01:32:32]} {[%emt 00:00:08]} 6. Bf4 {[%clk 01:32:16]} {[%emt
00:00:17]} a6 {[%clk 01:32:33]} {[%emt 00:00:29]} 7. e3 {[%clk 01:31:58]}
{[%emt 00:00:48]} Bf5 {[%clk 01:32:18]} {[%emt 00:00:44]} 8. Bd3 {[%clk
01:31:53]} {[%emt 00:00:35]} Bxd3 {[%clk 01:32:36]} {[%emt 00:00:13]} 9. Qxd3
{[%clk 01:32:20]} {[%emt 00:00:02]} e6 {[%clk 01:32:58]} {[%emt 00:00:08]} 10.
h3 {[%clk 01:31:17]} {[%emt 00:01:33]} Bd6 {[%clk 01:32:58]} {[%emt 00:00:30]}
11. Bxd6 {[%clk 01:31:36]} {[%emt 00:00:12]} Qxd6 {[%clk 01:33:23]} {[%emt
00:00:04]} 12. O-O {[%clk 01:31:40]} {[%emt 00:00:26]} O-O {[%clk 01:32:56]}
{[%emt 00:00:57]} 13. Rac1 {[%clk 01:30:23]} {[%emt 00:01:48]} Rac8 {[%clk
01:27:50]} {[%emt 00:05:35]} 14. Nd2 {[%clk 01:22:51]} {[%emt 00:08:02]} Nd7
{[%clk 01:14:12]} {[%emt 00:14:08]} 15. Nb3 {[%clk 01:17:12]} {[%emt 00:06:10]}
b5 {[%clk 01:00:02]} {[%emt 00:14:40]} 16. Ne2 {[%clk 01:10:16]} {[%emt
00:07:25]} Ne7 {[%clk 00:56:37]} {[%emt 00:03:56]} 17. Qb1 {[%clk 01:05:54]}
{[%emt 00:04:51]} Qb6 {[%clk 00:47:07]} {[%emt 00:10:00]} 18. Nf4 {[%clk
01:01:45]} {[%emt 00:04:39]} Nf5 {[%clk 00:47:26]} {[%emt 00:00:11]} 19. Nd3
{[%clk 01:00:36]} {[%emt 00:01:39]} Nd6 {[%clk 00:47:28]} {[%emt 00:00:29]} 20.
Nbc5 {[%clk 00:59:29]} {[%emt 00:01:37]} Nf6 {[%clk 00:47:28]} {[%emt
00:00:29]} 21. a3 {[%clk 00:56:49]} {[%emt 00:03:11]} Rfd8 {[%clk 00:41:53]}
{[%emt 00:06:04]} 22. b3 {[%clk 00:54:42]} {[%emt 00:02:38]} Nfe4 {[%clk
00:38:26]} {[%emt 00:03:56]} 23. Qb2 {[%clk 00:53:34]} {[%emt 00:01:39]} a5
{[%clk 00:34:56]} {[%emt 00:04:00]} 24. f3 {[%clk 00:48:52]} {[%emt 00:05:12]}
Ng3 {[%clk 00:33:25]} {[%emt 00:01:59]} 25. Rfe1 {[%clk 00:48:02]} {[%emt
00:01:21]} h5 {[%clk 00:28:07]} {[%emt 00:05:48]} 26. Qf2 {[%clk 00:35:04]}
{[%emt 00:13:28]} h4 {[%clk 00:27:34]} {[%emt 00:01:04]} 27. Ne5 {[%clk
00:29:22]} {[%emt 00:06:12]} Qa7 {[%clk 00:21:11]} {[%emt 00:06:53]} 28. f4
{[%clk 00:23:38]} {[%emt 00:06:14]} b4 {[%clk 00:09:32]} {[%emt 00:12:08]} 29.
axb4 {[%clk 00:23:29]} {[%emt 00:00:39]} axb4 {[%clk 00:10:01]} {[%emt
00:00:01]} 30. Qd2 {[%clk 00:13:46]} {[%emt 00:10:13]} Qb6 {[%clk 00:08:59]}
{[%emt 00:01:32]} 31. Ned3 {[%clk 00:09:24]} {[%emt 00:04:53]} Rb8 {[%clk
00:08:37]} {[%emt 00:00:51]} 32. Ra1 {[%clk 00:08:45]} {[%emt 00:01:09]} Nde4
{[%clk 00:07:30]} {[%emt 00:01:38]} 33. Qb2 {[%clk 00:08:20]} {[%emt 00:00:54]}
Ra8 {[%clk 00:01:51]} {[%emt 00:06:09]} 34. Ra4 {[%clk 00:06:04]} {[%emt
00:02:46]} Nxc5 {[%clk 00:01:14]} {[%emt 00:01:08]} 35. Nxc5 {[%clk 00:05:30]}
{[%emt 00:01:04]} Rxa4 {[%clk 00:00:48]} {[%emt 00:00:55]} 36. bxa4 {[%clk
00:05:39]} {[%emt 00:00:21]} Ne4 {[%clk 00:00:38]} {[%emt 00:00:40]} 37. Nxe4
{[%clk 00:05:03]} {[%emt 00:01:06]} dxe4 {[%clk 00:01:06]} {[%emt 00:00:02]}
38. Rb1 {[%clk 00:04:17]} {[%emt 00:01:16]} Rb8 {[%clk 00:01:17]} {[%emt
00:00:19]} 39. Qb3 {[%clk 00:04:15]} {[%emt 00:00:32]} Qa5 {[%clk 00:00:39]}
{[%emt 00:01:10]} 40. Rc1 {[%clk 00:02:14]} {[%emt 00:02:30]} Ra8 {[%clk
00:00:40]} {[%emt 00:00:28]} 41. Rc4 {[%clk 00:26:59]} {[%emt 00:05:45]} Qxa4
{[%clk 00:26:11]} {[%emt 00:04:59]} 42. Rxb4 {[%clk 00:26:57]} {[%emt
00:00:32]} Qa1+ {[%clk 00:22:05]} {[%emt 00:04:36]} 43. Kh2 {[%clk 00:15:26]}
{[%emt 00:12:01]} Qe1 {[%clk 00:18:53]} {[%emt 00:03:41]} 44. Rb8+ {[%clk
00:12:25]} {[%emt 00:03:32]} Rxb8 {[%clk 00:19:10]} {[%emt 00:00:13]} 45. Qxb8+
{[%clk 00:12:53]} {[%emt 00:00:02]} Kh7 {[%clk 00:19:33]} {[%emt 00:00:07]} 46.
Qb3 {[%clk 00:12:30]} {[%emt 00:00:53]} Qg3+ {[%clk 00:07:50]} {[%emt
00:12:13]} 47. Kg1 {[%clk 00:12:45]} {[%emt 00:00:15]} Qe1+ {[%clk 00:08:06]}
{[%emt 00:00:14]} 48. Kh2 {[%clk 00:13:10]} {[%emt 00:00:05]} g6 {[%clk
00:06:30]} {[%emt 00:02:06]} 49. d5 {[%clk 00:11:59]} {[%emt 00:01:41]} Qg3+
{[%clk 00:05:59]} {[%emt 00:01:02]} 50. Kh1 {[%clk 00:12:15]} {[%emt 00:00:13]}
Qe1+ {[%clk 00:06:26]} {[%emt 00:00:03]} 51. Kh2 {[%clk 00:12:38]} {[%emt
00:00:06]} exd5 {[%clk 00:06:10]} {[%emt 00:00:47]} 52. Qxd5 {[%clk 00:12:55]}
{[%emt 00:00:13]} Qg3+ {[%clk 00:06:20]} {[%emt 00:00:20]} 53. Kh1 {[%clk
00:13:15]} {[%emt 00:00:10]} Qe1+ {[%clk 00:06:48]} {[%emt 00:00:02]} 54. Kh2
{[%clk 00:13:39]} {[%emt 00:00:06]} Qg3+ {[%clk 00:05:59]} {[%emt 00:01:19]}
55. Kh1 {[%clk 00:14:04]} {[%emt 00:00:05]} Qe1+ {[%clk 00:06:26]} {[%emt
00:00:03]} 56. Kh2 {[%clk 00:14:27]} {[%emt 00:00:07]} 1/2-1/2